[Event "Bad Woerishofen Sen"]
[Site "Bad Woerishofen"]
[Date "2001.??.??"]
[Round "7"]
[White "Wendel, Walter"]
[Black "Eichinger, Adolf"]
[Result "0-1"]
[WhiteElo "1418"]
[BlackElo "1700"]
[Annotator "ChessOrg"]
[PlyCount "54"]
[EventDate "1998.03.05"]
[Source "ChessBase"]
[SourceDate "1998.04.29"]

1. e4 c5 2. Nf3 d6 3. d4 cxd4 4. Nxd4 e5 5. Nf3 Nf6 6. Nc3 Be6 7. Bd3 a6 8. O-O
Be7 9. Qe2 O-O 10. Be3 Qc7 11. Rac1 Nbd7 12. Ng5 h6 13. Nxe6 fxe6 14. Bc4 Nc5
15. Bxc5 Qxc5 16. Bxe6+ Kh8 17. Nd5 Nxd5 18. Bxd5 Rab8 19. Rcd1 b5 20. Rd3 Rbc8
21. c3 a5 22. Qg4 Rf4 23. Qg6 Rcf8 24. Rg3 Bf6 25. Rg4 Rxf2 26. Rxf2 Bg5 27.
Rxg5 Qxf2+ 0-1

[Event "Bad Woerishofen Sen"]
[Site "Bad Woerishofen"]
[Date "2001.??.??"]
[Round "1"]
[White "Wicklund-Hansen, Richard"]
[Black "Eisenhuth, Matthias"]
[Result "1/2-1/2"]
[WhiteElo "2058"]
[BlackElo "1718"]
[Annotator "ChessOrg"]
[PlyCount "78"]
[EventDate "1998.03.05"]
[Source "ChessBase"]
[SourceDate "1998.04.29"]

1. e4 d5 2. exd5 Qxd5 3. Nc3 Qa5 4. d4 c6 5. Nf3 Nf6 6. Bd2 Qc7 7. g3 Bf5 8.
Bg2 e6 9. O-O Nbd7 10. Re1 Be7 11. Bf4 Bd6 12. Ne5 O-O 13. Qe2 Bxe5 14. dxe5
Nd5 15. Nxd5 cxd5 16. Rac1 Nb6 17. Bd2 Qc4 18. Qxc4 Nxc4 19. Bc3 Rfd8 20. b3
Na3 21. Bf1 Rac8 22. Bb2 Nxc2 23. Red1 Nb4 24. a3 Rxc1 25. Rxc1 Nc6 26. b4 a6
27. Bxa6 Nxe5 28. Bxe5 bxa6 29. Bd4 Bd3 30. f4 Bc4 31. Kf2 h5 32. a4 Rb8 33.
Bc5 Rb7 34. a5 f6 35. Re1 Kf7 36. Ke3 g6 37. Kd4 Rb8 38. Rc1 Re8 39. Bd6 Rd8
1/2-1/2

[Event "Bad Woerishofen Sen"]
[Site "Bad Woerishofen"]
[Date "2001.??.??"]
[Round "3"]
[White "Wicklund-Hansen, Richard"]
[Black "Ganslmayer, Herbert"]
[Result "1-0"]
[WhiteElo "2058"]
[BlackElo "1741"]
[Annotator "ChessOrg"]
[PlyCount "127"]
[EventDate "1998.03.05"]
[Source "ChessBase"]
[SourceDate "1998.04.29"]

1. Nf3 d5 2. g3 e6 3. Bg2 f5 4. b3 Nf6 5. Bb2 Bd6 6. e3 Nbd7 7. O-O O-O 8. d3
Qe8 9. Nbd2 c6 10. c4 Qh5 11. Re1 g5 12. e4 fxe4 13. dxe4 Bc5 14. Nd4 Qxd1 15.
Raxd1 Bxd4 16. Bxd4 e5 17. exd5 exd4 18. dxc6 Nc5 19. b4 Nd3 20. cxb7 Bxb7 21.
Bxb7 Rab8 22. Re7 Nxf2 23. Rf1 N6g4 24. Nf3 Nh3+ 25. Kg2 Rxb7 26. Rxb7 Ne3+ 27.
Kxh3 Rxf3 28. Rg1 Rf6 29. g4 Rf3+ 30. Rg3 Rf6 31. Rxe3 dxe3 32. Re7 Rf3+ 33.
Kg2 Rf2+ 34. Kg1 Rb2 35. Rxe3 Rxb4 36. Rc3 Kf7 37. Rc2 h6 38. Kf2 Ke6 39. Ke3
Ke5 40. h3 Rb6 41. Rd2 Ra6 42. Rd5+ Ke6 43. Kd4 Rxa2 44. Kc5 Ra5+ 45. Kc6 Ra3
46. Rd6+ Ke7 47. c5 Rc3 48. Rxh6 a5 49. Rh7+ Ke6 50. Ra7 Rxh3 51. Rxa5 Rg3 52.
Ra4 Re3 53. Kc7 Kd5 54. c6 Ke5 55. Ra5+ Kf4 56. Ra4+ Kf3 57. Rd4 Ra3 58. Kd7
Ke3 59. Rd6 Kf4 60. Rd4+ Ke5 61. Rb4 Rd3+ 62. Kc8 Kd6 63. c7 Rc3 64. Kb8 1-0

[Event "Bad Woerishofen Sen"]
[Site "Bad Woerishofen"]
[Date "2001.??.??"]
[Round "5"]
[White "Wicklund-Hansen, Richard"]
[Black "Sauer, Rudolf"]
[Result "1-0"]
[WhiteElo "2058"]
[BlackElo "1684"]
[Annotator "ChessOrg"]
[PlyCount "49"]
[EventDate "1998.03.05"]
[Source "ChessBase"]
[SourceDate "1998.04.29"]

1. e4 c6 2. d3 d5 3. Nd2 dxe4 4. Nxe4 Nf6 5. Nxf6+ exf6 6. Nf3 Bd6 7. Be3 Bg4
8. Be2 Nd7 9. Qd2 Qc7 10. h3 Bh5 11. O-O-O O-O-O 12. g4 Bg6 13. Nd4 Nb6 14. f4
h6 15. f5 Bh7 16. Qa5 Nd5 17. Qxc7+ Bxc7 18. Bf2 Bb6 19. Bf3 Nb4 20. c3 Nxa2+
21. Kb1 Nb4 22. Rhe1 Nxd3 23. Rxd3 c5 24. Re7 cxd4 25. Bxb7+ 1-0

[Event "Bad Woerishofen Sen"]
[Site "Bad Woerishofen"]
[Date "2001.??.??"]
[Round "7"]
[White "Wicklund-Hansen, Richard"]
[Black "Borger, Martin"]
[Result "0-1"]
[WhiteElo "2058"]
[BlackElo "1707"]
[Annotator "ChessOrg"]
[PlyCount "84"]
[EventDate "1998.03.05"]
[Source "ChessBase"]
[SourceDate "1998.04.29"]

1. e4 e5 2. Nf3 Nc6 3. d3 Nf6 4. g3 Be7 5. Bg2 d6 6. Nbd2 h6 7. a4 Be6 8. Nb3
Bxb3 9. cxb3 Nd4 10. Be3 c5 11. O-O O-O 12. Nxd4 cxd4 13. Bd2 Qd7 14. f4 Nh7
15. b4 Rac8 16. Bf3 Rc7 17. Qb3 Bf6 18. Rac1 Rfc8 19. Rxc7 Rxc7 20. b5 b6 21.
fxe5 dxe5 22. Rc1 Ng5 23. Bg2 Rxc1+ 24. Bxc1 Qg4 25. Qc2 Kh7 26. b3 Nf3+ 27.
Kh1 Ne1 28. Qd2 Nxg2 29. Kxg2 Bg5 30. Qe1 Bxc1 31. Qxc1 Qe2+ 32. Kh3 Qxd3 33.
Qc6 Qf1+ 34. Kh4 Qf6+ 35. Kh3 Qf1+ 36. Kh4 d3 37. Qd5 f5 38. exf5 Qxf5 39. g4
Qg5+ 40. Kh3 Qe3+ 41. Kh4 g5+ 42. Kh5 Qh3# 0-1

[Event "Bad Woerishofen Sen"]
[Site "Bad Woerishofen"]
[Date "2001.??.??"]
[Round "9"]
[White "Wicklund-Hansen, Richard"]
[Black "Schampel, Arno"]
[Result "1/2-1/2"]
[WhiteElo "2058"]
[BlackElo "1755"]
[Annotator "ChessOrg"]
[PlyCount "68"]
[EventDate "1998.03.05"]
[Source "ChessBase"]
[SourceDate "1998.04.29"]

1. e4 c5 2. Nf3 d6 3. d3 Nc6 4. g3 g6 5. Bg2 Bg7 6. c3 Nf6 7. Nbd2 O-O 8. a4
Qc7 9. O-O b6 10. Re1 e5 11. Nc4 Bb7 12. Bg5 h6 13. Be3 Ng4 14. Bd2 Nf6 15. Rc1
Rad8 16. Nh4 Bc8 17. Qb3 Be6 18. f4 Na5 19. Qa2 exf4 20. gxf4 Nxc4 21. dxc4 Bc8
22. b3 Bb7 23. Re2 Qe7 24. Rce1 Nh5 25. Nf3 Rfe8 26. Qc2 Qc7 27. Nh4 Qe7 28.
Nf3 Qc7 29. e5 dxe5 30. fxe5 Qd7 31. e6 Rxe6 32. Bh3 Qd3 33. Qxd3 Rxd3 34. Bxe6
Bxf3 1/2-1/2

[Event "Bad Woerishofen Sen"]
[Site "Bad Woerishofen"]
[Date "2001.??.??"]
[Round "1"]
[White "Wild, Gerhard"]
[Black "Malik, Rosemarie"]
[Result "1-0"]
[WhiteElo "1996"]
[BlackElo "1700"]
[Annotator "ChessOrg"]
[PlyCount "63"]
[EventDate "1998.03.05"]
[Source "ChessBase"]
[SourceDate "1998.04.29"]

1. d4 Nf6 2. c4 e5 3. dxe5 Ng4 4. e4 Bb4+ 5. Nc3 Bxc3+ 6. bxc3 Nxe5 7. f4 Nec6
8. Nf3 d6 9. Bd3 O-O 10. O-O Bd7 11. Be3 Na6 12. Qc2 h6 13. Qf2 Qe7 14. Rae1
Qd8 15. Bb1 Be6 16. Nd2 Qd7 17. f5 Ne5 18. fxe6 Qxe6 19. Qf5 Qxf5 20. exf5 c5
21. f6 Ng4 22. fxg7 Kxg7 23. Bf4 Rad8 24. Ne4 d5 25. cxd5 Rxd5 26. h3 Ne5 27.
Nf6 Nd3 28. Nxd5 Nxe1 29. Rxe1 c4 30. Be5+ f6 31. Nxf6 Rxf6 32. Rf1 1-0

[Event "Bad Woerishofen Sen"]
[Site "Bad Woerishofen"]
[Date "2001.??.??"]
[Round "3"]
[White "Wild, Gerhard"]
[Black "Scheerer, Helmut"]
[Result "1-0"]
[WhiteElo "1996"]
[BlackElo "1784"]
[Annotator "ChessOrg"]
[PlyCount "89"]
[EventDate "1998.03.05"]
[Source "ChessBase"]
[SourceDate "1998.04.29"]

1. d4 Nf6 2. Nf3 e6 3. c4 b6 4. g3 Bb7 5. Bg2 c5 6. e3 Be7 7. O-O O-O 8. Nc3 d5
9. b3 Na6 10. Ne5 Nc7 11. Bb2 Rc8 12. Rc1 cxd4 13. exd4 Nd7 14. f4 Nxe5 15.
fxe5 f6 16. cxd5 Nxd5 17. Qe1 f5 18. Nxd5 Bxd5 19. Rxc8 Qxc8 20. Bxd5 exd5 21.
Qe2 Bg5 22. h4 Be7 23. Rc1 Qe6 24. Rf1 Qg6 25. Qg2 Qe6 26. Kh2 Rc8 27. Qd2 Rc7
28. Rc1 Qc8 29. Rxc7 Qxc7 30. Qc3 Qxc3 31. Bxc3 Kf7 32. Kg2 g6 33. Kf3 Ke6 34.
Bd2 Ba3 35. b4 Bb2 36. Ke3 h6 37. Kd3 g5 38. hxg5 hxg5 39. Bxg5 a5 40. Bd8 axb4
41. Bxb6 Bc3 42. a4 Be1 43. a5 Kd7 44. a6 Kc6 45. a7 1-0

[Event "Bad Woerishofen Sen"]
[Site "Bad Woerishofen"]
[Date "2001.??.??"]
[Round "5"]
[White "Wild, Gerhard"]
[Black "Claus, Joachim"]
[Result "1/2-1/2"]
[WhiteElo "1996"]
[BlackElo "1790"]
[Annotator "ChessOrg"]
[PlyCount "120"]
[EventDate "1998.03.05"]
[Source "ChessBase"]
[SourceDate "1998.04.29"]

1. d4 Nf6 2. Nf3 g6 3. c4 Bg7 4. Nc3 d5 5. h3 O-O 6. Bg5 Ne4 7. Bf4 Nxc3 8.
bxc3 c5 9. e3 Qa5 10. Qd2 cxd4 11. cxd4 Qxd2+ 12. Nxd2 e6 13. Rc1 Nc6 14. Be2
Bd7 15. O-O Rfc8 16. Nb3 Bf8 17. Rfd1 Be8 18. cxd5 exd5 19. Nc5 Nd8 20. Bg4 f5
21. Bf3 Bc6 22. Be2 Kf7 23. Nd3 Bg7 24. g4 Ne6 25. gxf5 gxf5 26. Bh5+ Ke7 27.
Kh2 Bf6 28. Rg1 Rg8 29. Bf3 Rac8 30. Be5 Ng5 31. Bg2 Ne6 32. Bxf6+ Kxf6 33. Nb4
Ng5 34. Nxd5+ Ke6 35. Nf4+ Kd6 36. d5 Bd7 37. h4 Nf7 38. f3 Ne5 39. Nh5 Nd3 40.
Rxc8 Rxc8 41. Nf6 Rc2 42. Nxd7 Kxd7 43. Kg3 Rxa2 44. Rd1 Ne5 45. Bh3 Ra3 46.
Bxf5+ Kd6 47. Kf4 h6 48. h5 b5 49. Be4 b4 50. Rg1 b3 51. Rg8 b2 52. Rb8 Nc4 53.
Rb4 Rxe3 54. Rxc4 Rxe4+ 55. fxe4 b1=Q 56. Rc6+ Kd7 57. Kf5 Qg1 58. Rxh6 Qf2+
59. Ke5 Qg3+ 60. Kf5 Qf3+ 1/2-1/2

[Event "Bad Woerishofen Sen"]
[Site "Bad Woerishofen"]
[Date "2001.??.??"]
[Round "7"]
[White "Wild, Gerhard"]
[Black "Homes, Helmut"]
[Result "1/2-1/2"]
[WhiteElo "1996"]
[BlackElo "1789"]
[Annotator "ChessOrg"]
[PlyCount "68"]
[EventDate "1998.03.05"]
[Source "ChessBase"]
[SourceDate "1998.04.29"]

1. d4 Nf6 2. Nf3 d5 3. c4 e6 4. Nc3 Be7 5. Bg5 O-O 6. Rc1 h6 7. Bh4 b6 8. e3
Bb7 9. Bd3 Nbd7 10. O-O c5 11. cxd5 Nxd5 12. Bg3 Rc8 13. Bb1 cxd4 14. exd4 N7f6
15. Re1 Nxc3 16. Rxc3 Bb4 17. Rxc8 Qxc8 18. Nd2 Qc6 19. f3 Rd8 20. a3 Bd6 21.
Bh4 Qc7 22. Nf1 g5 23. Bf2 Qc6 24. Be4 Nxe4 25. Rxe4 h5 26. Re2 Bf4 27. Rc2 Qd5
28. Qe2 g4 29. Ne3 Qxd4 30. fxg4 Bxe3 31. Bxe3 Qd1+ 32. Qxd1 Rxd1+ 33. Kf2 hxg4
34. Rc4 f5 1/2-1/2

[Event "Bad Woerishofen Sen"]
[Site "Bad Woerishofen"]
[Date "2001.??.??"]
[Round "9"]
[White "Wild, Gerhard"]
[Black "Helmsen, Franz"]
[Result "1/2-1/2"]
[WhiteElo "1996"]
[BlackElo "2159"]
[Annotator "ChessOrg"]
[PlyCount "32"]
[EventDate "1998.03.05"]
[Source "ChessBase"]
[SourceDate "1998.04.29"]

1. d4 Nf6 2. Nf3 e6 3. c4 b6 4. g3 Bb7 5. Bg2 Be7 6. O-O O-O 7. Nc3 Ne4 8. Qc2
Nxc3 9. Qxc3 c5 10. e3 d6 11. Qc2 Qc7 12. Rd1 Nd7 13. b3 Nf6 14. Bb2 Be4 15.
Qe2 Rfd8 16. Rac1 Rac8 1/2-1/2

[Event "Bad Woerishofen Sen"]
[Site "Bad Woerishofen"]
[Date "2001.??.??"]
[Round "1"]
[White "Wolf, Alfred"]
[Black "Disselberger, Alfons"]
[Result "1-0"]
[WhiteElo "1762"]
[BlackElo "1313"]
[Annotator "ChessOrg"]
[PlyCount "73"]
[EventDate "1998.03.05"]
[Source "ChessBase"]
[SourceDate "1998.04.29"]

1. d4 Nf6 2. c4 e6 3. a3 d5 4. Nc3 c5 5. cxd5 exd5 6. Nf3 Nc6 7. g3 Qb6 8. Na4
Qa5+ 9. Bd2 Qd8 10. dxc5 Be7 11. Bg2 O-O 12. O-O Be6 13. b4 b6 14. Be3 b5 15.
Nc3 a6 16. Nd4 Nxd4 17. Bxd4 Qc8 18. Rc1 Ng4 19. h3 Nh6 20. Kh2 Nf5 21. Nxd5
Bxd5 22. Bxd5 Ra7 23. Be5 Bg5 24. Rc3 Re7 25. f4 Bh6 26. e4 Rxe5 27. fxe5 Ne3
28. Rxe3 Bxe3 29. Qf3 Bxc5 30. bxc5 Qxc5 31. e6 Qc2+ 32. Rf2 Qc5 33. exf7+ Kh8
34. e5 a5 35. e6 Qd6 36. Re2 Qe7 37. Rb2 1-0

[Event "Bad Woerishofen Sen"]
[Site "Bad Woerishofen"]
[Date "2001.??.??"]
[Round "4"]
[White "Wolf, Alfred"]
[Black "Schumacher, Ursula"]
[Result "1-0"]
[WhiteElo "1762"]
[BlackElo "1500"]
[Annotator "ChessOrg"]
[PlyCount "91"]
[EventDate "1998.03.05"]
[Source "ChessBase"]
[SourceDate "1998.04.29"]

1. c4 Nf6 2. Nc3 c6 3. e4 Qc7 4. g3 g6 5. d4 d6 6. Bg2 Bg7 7. Nge2 O-O 8. O-O
e5 9. h3 exd4 10. Nxd4 a6 11. Be3 c5 12. Nc2 Nc6 13. a3 Ne5 14. Qe2 Be6 15. b3
Rad8 16. Rab1 b6 17. f4 Nc6 18. Qf3 Bc8 19. e5 Nxe5 20. fxe5 dxe5 21. Bg5 Rd6
22. Rbd1 Rfd8 23. Nd5 Nxd5 24. Bxd8 Rxd8 25. Rxd5 Re8 26. Qd1 e4 27. Ne3 Qxg3
28. Qe1 Qc7 29. Qh4 Bd4 30. Rxd4 cxd4 31. Nd5 Qd8 32. Nf6+ Kf8 33. Qh6+ Ke7 34.
Nd5+ Kd6 35. Qf4+ Kc5 36. Nf6 d3 37. Nxe4+ Kd4 38. Qf2+ Ke5 39. Qf4+ Kd4 40.
Nd6+ Kc3 41. Rc1+ Kxb3 42. Rb1+ Kc3 43. Qc1+ Kd4 44. Qb2+ Kc5 45. Qb4+ Kd4 46.
c5+ 1-0

[Event "Bad Woerishofen Sen"]
[Site "Bad Woerishofen"]
[Date "2001.??.??"]
[Round "6"]
[White "Wolf, Alfred"]
[Black "Gmeinwieser, Helmut"]
[Result "1-0"]
[WhiteElo "1762"]
[BlackElo "1687"]
[Annotator "ChessOrg"]
[PlyCount "103"]
[EventDate "1998.03.05"]
[Source "ChessBase"]
[SourceDate "1998.04.29"]

1. d4 d5 2. Nf3 Nf6 3. Bf4 Bf5 4. e3 e6 5. Bd3 Bxd3 6. Qxd3 Nbd7 7. h3 c5 8. c3
cxd4 9. exd4 a6 10. Nbd2 Rc8 11. O-O h6 12. Rfe1 Be7 13. c4 dxc4 14. Nxc4 O-O
15. a3 Nc5 16. Qe2 Nce4 17. Rac1 Bd6 18. Nxd6 Rxc1 19. Nxe4 Rxe1+ 20. Qxe1 Nd5
21. Bd2 Qb6 22. Qc1 Rd8 23. b4 Qb5 24. Qf1 Qe8 25. Nc5 Qe7 26. b5 axb5 27. Qxb5
b6 28. Nd3 Qxa3 29. Nde5 Qd6 30. Nc4 Qc7 31. g3 Rc8 32. Ne3 Rd8 33. Nxd5 Rxd5
34. Qb3 b5 35. Qb4 Qb7 36. Ne5 Kh7 37. Be3 Kg8 38. Nd3 g5 39. Ne5 Kg7 40. Nd3
Kf6 41. Qf8 Kf5 42. Qxh6 f6 43. g4+ Ke4 44. Nc5+ Rxc5 45. dxc5 Qf7 46. Qh8 e5
47. Qa8+ Kd3 48. Qa3+ Ke4 49. c6 Qc4 50. Qc1 Qe6 51. c7 Qc8 52. Bb6 1-0

[Event "Bad Woerishofen Sen"]
[Site "Bad Woerishofen"]
[Date "2001.??.??"]
[Round "8"]
[White "Wolf, Alfred"]
[Black "Hoffmann, Reinhold"]
[Result "1/2-1/2"]
[WhiteElo "1762"]
[BlackElo "1880"]
[Annotator "ChessOrg"]
[PlyCount "21"]
[EventDate "1998.03.05"]
[Source "ChessBase"]
[SourceDate "1998.04.29"]

1. d4 d5 2. Nf3 Nf6 3. Bf4 c6 4. c3 Bf5 5. e3 Nbd7 6. h3 Qb6 7. Qb3 e6 8. Nbd2
h5 9. Be2 c5 10. c4 dxc4 11. Bxc4 1/2-1/2

[Event "Bad Woerishofen Sen"]
[Site "Bad Woerishofen"]
[Date "2001.??.??"]
[Round "1"]
[White "Wolf, Margot"]
[Black "Margraf, Achim"]
[Result "0-1"]
[WhiteElo "1243"]
[BlackElo "1913"]
[Annotator "ChessOrg"]
[PlyCount "84"]
[EventDate "1998.03.05"]
[Source "ChessBase"]
[SourceDate "1998.04.29"]

1. d4 Nf6 2. Nf3 b6 3. Bf4 Bb7 4. e3 e6 5. h3 c5 6. c3 Be7 7. Bd3 O-O 8. O-O d5
9. Nbd2 a6 10. Re1 Nbd7 11. Qb1 Nh5 12. Bh2 f5 13. Ne5 Ndf6 14. f3 g6 15. e4
cxd4 16. cxd4 dxe4 17. fxe4 Qxd4+ 18. Kh1 Qf2 19. Ndf3 fxe4 20. Bxe4 Nxe4 21.
Rxe4 Bxe4 22. Qxe4 Rae8 23. Nd7 Rf5 24. Qxe6+ Kg7 25. Qxb6 Qxb6 26. Nxb6 Bf6
27. Rb1 Re2 28. Nc4 Rc5 29. Ncd2 Kg8 30. Bd6 Rc2 31. Bb4 Nf4 32. Kh2 Rxg2+ 33.
Kh1 Re2 34. h4 Nd3 35. Ba5 Nxb2 36. Nb3 Rf2 37. Nbd4 Bxd4 38. Nxd4 Rh2+ 39. Kg1
Rcg2+ 40. Kf1 Rg4 41. Nf3 Rh1+ 42. Ng1 Rgxg1+ 0-1

[Event "Bad Woerishofen Sen"]
[Site "Bad Woerishofen"]
[Date "2001.??.??"]
[Round "3"]
[White "Wolf, Margot"]
[Black "Weber, Siegfried"]
[Result "0-1"]
[WhiteElo "1243"]
[BlackElo "1587"]
[Annotator "ChessOrg"]
[PlyCount "70"]
[EventDate "1998.03.05"]
[Source "ChessBase"]
[SourceDate "1998.04.29"]

1. d4 g6 2. Nf3 Bg7 3. Bf4 Nf6 4. h3 d6 5. e3 Nbd7 6. Bd3 a6 7. c3 O-O 8. O-O
b5 9. e4 Bb7 10. e5 Nd5 11. Bh2 dxe5 12. Nxe5 f6 13. Nf3 N5b6 14. Nbd2 c5 15.
Be4 Bxe4 16. Nxe4 c4 17. a3 Rc8 18. g4 e5 19. Re1 Qc7 20. Rc1 Rce8 21. Rc2 Qc6
22. Qc1 f5 23. Ned2 fxg4 24. Nxe5 Nxe5 25. Bxe5 Bxe5 26. Rxe5 gxh3 27. Qf1 Rxe5
28. dxe5 Rf5 29. Qxh3 Qd5 30. Qe3 Nd7 31. e6 Nf6 32. Qa7 Rg5+ 33. Kf1 Qd3+ 34.
Ke1 Rg1+ 35. Nf1 Rxf1# 0-1

[Event "Bad Woerishofen Sen"]
[Site "Bad Woerishofen"]
[Date "2001.??.??"]
[Round "5"]
[White "Wolf, Margot"]
[Black "Girod, Gudrun"]
[Result "1/2-1/2"]
[WhiteElo "1243"]
[BlackElo "1385"]
[Annotator "ChessOrg"]
[PlyCount "36"]
[EventDate "1998.03.05"]
[Source "ChessBase"]
[SourceDate "1998.04.29"]

1. d4 d5 2. Nf3 Nf6 3. Bf4 Bg4 4. e3 e6 5. h3 Bxf3 6. Qxf3 Be7 7. Qd1 Bd6 8.
Bxd6 Qxd6 9. c3 O-O 10. Bd3 c5 11. O-O Nc6 12. Nd2 b6 13. e4 dxe4 14. Nxe4 Nxe4
15. Bxe4 Rad8 16. dxc5 Qxd1 17. Raxd1 Ne7 18. cxb6 axb6 1/2-1/2

[Event "Bad Woerishofen Sen"]
[Site "Bad Woerishofen"]
[Date "2001.??.??"]
[Round "7"]
[White "Wolf, Margot"]
[Black "Kraemer, Marianne"]
[Result "1/2-1/2"]
[WhiteElo "1243"]
[BlackElo "1500"]
[Annotator "ChessOrg"]
[PlyCount "82"]
[EventDate "1998.03.05"]
[Source "ChessBase"]
[SourceDate "1998.04.29"]

1. d4 e6 2. Nf3 Be7 3. Bf4 Nf6 4. h3 b6 5. e3 Bb7 6. c3 h6 7. Bd3 d6 8. O-O
Nbd7 9. Nbd2 O-O 10. e4 c5 11. e5 dxe5 12. dxe5 Nd5 13. Bg3 Rc8 14. Re1 a6 15.
Be4 b5 16. Rc1 Rc7 17. Nf1 N7b6 18. Ne3 Rd7 19. Qc2 Nxe3 20. Rxe3 Bxe4 21. Rxe4
Qc7 22. Ree1 Rfd8 23. Rcd1 Rd5 24. Rxd5 Rxd5 25. Rd1 Qd7 26. Rxd5 Qxd5 27. a3
Nc4 28. h4 g5 29. Qe2 g4 30. Nh2 h5 31. f3 Qd2 32. Qxd2 Nxd2 33. fxg4 Ne4 34.
Be1 hxg4 35. Nxg4 Kg7 36. g3 Kg6 37. Kg2 c4 38. Kh3 Bc5 39. Kg2 Kh5 40. Nf2 f5
41. Nxe4 fxe4 1/2-1/2

[Event "Bad Woerishofen Sen"]
[Site "Bad Woerishofen"]
[Date "2001.??.??"]
[Round "9"]
[White "Wolf, Margot"]
[Black "Schumacher, Ursula"]
[Result "0-1"]
[WhiteElo "1243"]
[BlackElo "1500"]
[Annotator "ChessOrg"]
[PlyCount "84"]
[EventDate "1998.03.05"]
[Source "ChessBase"]
[SourceDate "1998.04.29"]

1. d4 c6 2. Nf3 d5 3. Bf4 Bf5 4. e3 e6 5. Bd3 Bxd3 6. Qxd3 Nd7 7. O-O c5 8. c3
Ngf6 9. Nbd2 Be7 10. e4 c4 11. Qc2 O-O 12. e5 Nh5 13. Be3 g6 14. g4 Ng7 15. h3
f5 16. Nb1 fxg4 17. Ne1 gxh3 18. Kh2 Nf5 19. Bc1 b5 20. a3 Rf7 21. Kxh3 Qf8 22.
Ng2 Qd8 23. Ne3 Nxe3 24. Bxe3 Rf3+ 25. Kg2 Rf5 26. Qd2 Nb6 27. Qe2 a5 28. f4 b4
29. Nd2 bxc3 30. bxc3 Na4 31. Nb1 Rb8 32. Rc1 Rb2 33. Rc2 Rb3 34. Bd2 Qf8 35.
Rc1 Qh6 36. Rh1 Qf8 37. Qd1 Nb2 38. Qc2 Nd3 39. Kg3 Nxf4 40. a4 Ne2+ 41. Kg2
Rf2+ 42. Kh3 Qf3# 0-1

[Event "Bad Woerishofen Sen"]
[Site "Bad Woerishofen"]
[Date "2001.??.??"]
[Round "3"]
[White "Wulf, Adalbert"]
[Black "Bierbach, Utz"]
[Result "1-0"]
[WhiteElo "1787"]
[BlackElo "2055"]
[Annotator "ChessOrg"]
[PlyCount "52"]
[EventDate "1998.03.05"]
[Source "ChessBase"]
[SourceDate "1998.04.29"]

1. d4 Nf6 2. Nf3 d5 3. c4 e6 4. e3 c6 5. Nc3 Bd6 6. Bd3 a6 7. a4 Nbd7 8. O-O
O-O 9. Re1 Re8 10. e4 dxe4 11. Nxe4 Nxe4 12. Bxe4 Nf6 13. Bg5 Be7 14. Bc2 Qc7
15. Qe2 g6 16. Rad1 Kg7 17. Ne5 Bd7 18. Qf3 Rf8 19. Qf4 Ng8 20. Bxe7 Nxe7 21.
Nxg6 Qxf4 22. Nxf4 Kh6 23. Rd3 Rad8 24. Rh3+ Kg5 25. Rh5+ Kf6 26. Rxh7 Nf5 1-0

[Event "Bad Woerishofen Sen"]
[Site "Bad Woerishofen"]
[Date "2001.??.??"]
[Round "4"]
[White "Wulf, Adalbert"]
[Black "Geissler, Dieter"]
[Result "0-1"]
[WhiteElo "1787"]
[BlackElo "2070"]
[Annotator "ChessOrg"]
[PlyCount "130"]
[EventDate "1998.03.05"]
[Source "ChessBase"]
[SourceDate "1998.04.29"]

1. d4 d5 2. c4 e6 3. e3 Nd7 4. Nf3 Ngf6 5. Nc3 c6 6. a3 Bd6 7. Bd3 O-O 8. O-O
Re8 9. e4 dxc4 10. Bxc4 e5 11. Be3 Nb6 12. Bb3 Bg4 13. Qc2 Bxf3 14. gxf3 exd4
15. Bxd4 Nh5 16. Be3 Qh4 17. f4 Qg4+ 18. Kh1 Qf3+ 19. Kg1 Nxf4 20. Bxf4 Qxf4
21. f3 Re5 22. Kh1 Rh5 23. Rf2 Bc5 24. Ne2 Qe3 25. Ng3 Rg5 26. Rff1 Qf4 27. Nf5
Rh5 28. Rad1 g6 29. Qg2 Rg5 30. Nh6+ Kg7 31. Ng4 f5 32. exf5 Rxf5 33. Be6 Rff8
34. Qc2 Be7 35. Qc3+ Bf6 36. Qb3 h5 37. Nxf6 Qxf6 38. Bh3 Rf7 39. Rde1 Nd5 40.
Be6 Re7 41. Bxd5 Rxe1 42. Rxe1 cxd5 43. Qxd5 Qxb2 44. Re7+ Kh6 45. Qe4 Qc1+ 46.
Kg2 Rd8 47. Qe3+ Qxe3 48. Rxe3 Rd2+ 49. Kg3 h4+ 50. Kxh4 Rxh2+ 51. Kg3 Rb2 52.
Kg4 a5 53. f4 b5 54. Re5 a4 55. Rc5 Rb3 56. Kh4 b4 57. axb4 Rxb4 58. Kg4 Rb1
59. Ra5 Ra1 60. f5 a3 61. Kg3 a2 62. Kg2 gxf5 63. Kh2 Kg5 64. Kg2 Kf4 65. Ra3
Ke4 0-1

[Event "Bad Woerishofen Sen"]
[Site "Bad Woerishofen"]
[Date "2001.??.??"]
[Round "6"]
[White "Wulf, Adalbert"]
[Black "Wild, Gerhard"]
[Result "1/2-1/2"]
[WhiteElo "1787"]
[BlackElo "1996"]
[Annotator "ChessOrg"]
[PlyCount "46"]
[EventDate "1998.03.05"]
[Source "ChessBase"]
[SourceDate "1998.04.29"]

1. d4 d5 2. c4 e6 3. Nc3 Nf6 4. Bg5 Nbd7 5. e3 c6 6. Qc2 Bd6 7. Nf3 O-O 8. Bd3
h6 9. Bh4 Be7 10. O-O b6 11. cxd5 exd5 12. e4 dxe4 13. Nxe4 Bb7 14. Nxf6+ Nxf6
15. Rad1 Nd5 16. Bxe7 Qxe7 17. Rfe1 Qf6 18. a3 Rad8 19. Be4 g6 20. g3 Kg7 21.
b4 Rd6 22. Ne5 h5 23. h4 Rfd8 1/2-1/2

[Event "Bad Woerishofen Sen"]
[Site "Bad Woerishofen"]
[Date "2001.??.??"]
[Round "8"]
[White "Wulf, Adalbert"]
[Black "Moeckel, Edgar"]
[Result "1-0"]
[WhiteElo "1787"]
[BlackElo "2087"]
[Annotator "ChessOrg"]
[PlyCount "61"]
[EventDate "1998.03.05"]
[Source "ChessBase"]
[SourceDate "1998.04.29"]

1. d4 Nf6 2. Nf3 d5 3. c4 e6 4. e3 c6 5. Nc3 Nbd7 6. Bd3 dxc4 7. Bxc4 Bb4 8.
O-O O-O 9. Bd2 Re8 10. Qb3 Ba5 11. a4 Bc7 12. e4 h6 13. Rad1 Qe7 14. e5 Nd5 15.
Rfe1 N7b6 16. Bd3 Nxc3 17. bxc3 c5 18. a5 c4 19. Bxc4 Nxc4 20. Qxc4 Bxa5 21.
Qd3 b6 22. Re4 Bb7 23. Rg4 Bxf3 24. Qxf3 Kh7 25. Qd3+ Kh8 26. Qh3 Qf8 27. Re1
f5 28. exf6 Qxf6 29. Bg5 Qf5 30. Bxh6 gxh6 31. Qxh6+ 1-0

[Event "Bad Woerishofen Sen"]
[Site "Bad Woerishofen"]
[Date "2001.??.??"]
[Round "1"]
[White "Wunderer, Eckart"]
[Black "Schneider, Miloca"]
[Result "1/2-1/2"]
[WhiteElo "2139"]
[BlackElo "1723"]
[Annotator "ChessOrg"]
[PlyCount "42"]
[EventDate "1998.03.05"]
[Source "ChessBase"]
[SourceDate "1998.04.29"]

1. Nc3 d5 2. e4 c6 3. Nf3 e6 4. d4 Bb4 5. e5 Ne7 6. Bd3 c5 7. Bd2 cxd4 8. Nxd4
Nec6 9. Nf3 Nd7 10. Qe2 Nc5 11. O-O Nxd3 12. Qxd3 h6 13. Nb5 Be7 14. Rfd1 a6
15. Nbd4 Bd7 16. Bf4 Qc7 17. Qd2 O-O 18. c3 Na5 19. b3 b5 20. Nf5 Nc6 21. Nxe7+
Nxe7 1/2-1/2